LEADER 03023oas 2201153 a 450 001 9910142891603321 005 20260310213014.0 011 $a1432-0436 035 $a(DE-599)ZDB1459002-5 035 $a(DE-599)1459002-5 035 $a(OCoLC)39976028 035 $a(CONSER) 2001227175 035 $a(CKB)954925509390 035 $a(EXLCZ)99954925509390 100 $a19981001a19739999 sy 101 0 $aeng 135 $aurmn||||||||| 135 $aurbn||||||abp 135 $aurbn||||||ada 181 $ctxt$2rdacontent 182 $cc$2rdamedia 183 $acr$2rdacarrier 200 10$aDifferentiation 210 $aHeidelberg ;$aNew York $cSpringer-Verlag 300 $aRefereed/Peer-reviewed 300 $aPublished: Berlin : Blackwell Wissenschafts-Verlag, 2000- ; Amsterdam : Elsevier, <2009-> 311 08$a0301-4681 531 0 $aDifferentiation 606 $aCytology$vPeriodicals 606 $aCell differentiation$vPeriodicals 606 $aCell Differentiation 606 $aCellules$xDiffe?renciation$vPe?riodiques 606 $aCell differentiation$2fast$3(OCoLC)fst00850182 606 $aCytology$2fast$3(OCoLC)fst00886282 606 $aDiffe?renciation cellulaire$2rasuqam 606 $aCytologie$2rasuqam 606 $aCancer$2rasuqam 606 $aCroissance cellulaire$2rasuqam 606 $aCitologia$2thub 606 $aDiferenciació cel·lular$2thub 608 $aPeriodical. 608 $aPeriodicals.$2fast 608 $aRessource Internet (Descripteur de forme)$2rasuqam 608 $aPe?riodique e?lectronique (Descripteur de forme)$2rasuqam 608 $aRevistes electròniques.$2thub 615 0$aCytology 615 0$aCell differentiation 615 2$aCell Differentiation. 615 6$aCellules$xDiffe?renciation 615 7$aCell differentiation. 615 7$aCytology. 615 7$aDiffe?renciation cellulaire. 615 7$aCytologie. 615 7$aCancer. 615 7$aCroissance cellulaire. 615 7$aCitologia. 615 7$aDiferenciació cel·lular. 712 02$aInternational Society of Differentiation. 801 0$bPIT 801 1$bPIT 801 2$bOCL 801 2$bMYG 801 2$bEYM 801 2$bOCLCQ 801 2$bUQ1 801 2$bCLU 801 2$bOCLCQ 801 2$bUKMGB 801 2$bCSU 801 2$bAU@ 801 2$bOCLCE 801 2$bOCLCQ 801 2$bOCLCF 801 2$bOCLCO 801 2$bVT2 801 2$bOCLCQ 801 2$bOCLCO 801 2$bOCLCQ 801 2$bU3W 801 2$bOCLCO 801 2$bEZC 801 2$bOCLCO 801 2$bWYU 801 2$bOCLCA 801 2$bTKN 801 2$bOCLCQ 801 2$bAUD 801 2$bOCLCO 801 2$bOCLCA 801 2$bQGK 801 2$bOCLCQ 801 2$bUAB 801 2$bSXB 801 2$bOCLCL 801 2$bOCLCQ 906 $aJOURNAL 912 $a9910142891603321 996 $aDifferentiation$9797745 997 $aUNINA